000 01134nam a22002775i 4500
001 155511
003 ES-MaACL
005 20260318063016.0
008 040721q18561877fr a |||| | fre d
040 _aCAM
_bspa
_cCAM
100 1 _aHoffmann, Ernst T. A.
_d1776-1822
_9242917
245 1 0 _aContes des Frères Sérapion /
_cHoffmann ; illustré par Foulquier ; traduction de La Bédollière.
260 _aParis :
_b[s.n.],
_c[s.a.] (
_fTyp. Henri Plon)
300 _a80 p. :
_bil. ;
_c30 cm.
490 1 _aPantheon populaire illustré
500 _aCuadernillos numerados, 381-385.
594 _aTít. y autor tomados de principio de texto.
596 _aEl impresor ejerce ca. 1856-1877.
597 _aTexto a dos col.
599 _aIl. xil. en cabecera de texto de la primera pág., enmarcando el nombre de la serie.
700 1 1 _aFoulquier, Valentin,
_d1822-1896
_eil.
_9152770
700 1 1 _aLa Bédollière, Émile de,
_d1812-1883
_etrad.
_9152767
830 0 _aPantheon populaire illustré
_9187945
852 _aES-MaACL
_jC-2509(4)
_z-- Enc. hol., falto de la cub. original
999 _c155511
_d155511